000 00633nam a2200193Ia 4500
003 GCL
008 140319s9999 xx 000 0 ara d
040 _aGCL /
_cGCL
082 0 4 _aق
_b962.065
_bع ت
100 1 _aعبدالعظيم رمضان
245 1 0 _aتحطيم الالهة قصة حرب يونية 1967 /
_cعبدالعظيم رمضان
300 _a574 ص
490 _a
650 0 4 _aالنزاع العربى الاسرائيلى
650 0 4 _aحرب يونيو 1967 - مصر
650 0 4 _aجمال عبدالناصر
650 0 4 _aمصر - تاريخ - العصر الحديث (1805 - 1956 )
942 _2ddc
_cBK
999 _c39355
_d39355